Umenie a veda klásť otázky (a veda odpovedať na ne) (Príhovor)

Salvato in:
Dettagli Bibliografici
Autore principale: Breveníková, Daniela
Natura: Capitolo di libro
Lingua:slovacco
Tags: Aggiungi Tag
Nessun Tag, puoi essere il primo ad aggiungerne!!

MARC

LEADER 00000nla a2200000 4500
001 0167249
005 20240502072922.3
041 0 |a slo 
044 |a SK 
245 1 0 |a Umenie a veda klásť otázky (a veda odpovedať na ne) (Príhovor)  |c Daniela Breveníková 
100 1 |a Breveníková, Daniela